Statistics for 50 biggest countries by area

Click here to take the quiz!

General Stats

  • This quiz has been taken 65 times
  • The average score is 40 of 50

Answer Stats

Answer% Correct
Canada
100%
China
100%
Russia
100%
Kazakhstan
98%
Mexico
98%
United States
98%
Australia
96%
Algeria
94%
India
94%
Pakistan
94%
Saudi Arabia
94%
Brazil
91%
Indonesia
91%
Iran
91%
Argentina
89%
Democratic Republic of the Congo
89%
Libya
89%
Mongolia
89%
South Africa
89%
Turkey
87%
Colombia
85%
Sudan
85%
Venezuela
85%
Angola
83%
Mali
83%
Peru
83%
France
81%
Niger
81%
Chad
79%
Egypt
79%
Ethiopia
79%
Bolivia
77%
Chile
77%
Uzbekistan
74%
Nigeria
72%
Thailand
72%
Afghanistan
70%
Mozambique
70%
Tanzania
70%
Turkmenistan
70%
Mauritania
68%
Myanmar
66%
Namibia
66%
Spain
64%
South Sudan
60%
Zambia
60%
Cameroon
51%
Denmark / Greenland
47%
Papua New Guinea
47%
Yemen
45%

Score Distribution

Percentile by Number Answered

Percent of People with Each Score

Your Score History

You have not taken this quiz